| 000 | 01311nam a2200325 4500 | ||
|---|---|---|---|
| 001 | 0000016472 | ||
| 003 | CO-CtgCURN | ||
| 005 | 20250329191008.0 | ||
| 007 | ta | ||
| 008 | 160627s2001 000 0 eng d | ||
| 020 | _a9701030842 | ||
| 040 |
_aCO-CtgCURN _bspa _ccoctgcurn |
||
| 082 | 0 |
_a658.15 _bB37f |
|
| 100 | 1 | _aBesley, Scott. | |
| 245 | 1 | 0 |
_aFundamentos de Administración financiera / _cScott Besley y Eugene F. Brigham , traducción Jaime Gómez Mont. |
| 250 | _a12a ed. | ||
| 260 |
_aMexico : _bMcGraw-Hill, _c2001. |
||
| 300 | _axxvi, 919 p. | ||
| 336 | _2rdacontent | ||
| 337 |
_2rdamedia _asin mediacion _bn |
||
| 338 |
_2rdacarrier _avolumen _bnc |
||
| 505 | 8 | _aIntroducción a la Administración financiera.--Pronosticos, planeacion y control.--Conceptos basicos de la adminsitracion financiera.--Presupuesto de capital.--Costo del capital, apalancamiento y política de dividendos.--Adminsitracion del capital de trabajo.--Decisiones estrategicas de financiamiento a largo plazo | |
| 650 | 1 | 4 | _aAdministración financiera. |
| 650 | 1 | 4 |
_aCorporaciones _xFinanzas. |
| 700 | 1 | _aBrigham, Eugene F. | |
| 700 | 1 |
_aGómez Mont, Jaime, _cTraductor. |
|
| 908 | _a160627 | ||
| 942 |
_cBK _h658.15 _iB37f _2ddc |
||
| 999 |
_c10597 _d10597 |
||